Statistics for 2020 Year in Review - The United States

Click here to take the quiz!

General Stats

  • This quiz has been taken 12,673 times
  • The average score is 15 of 20

Answer Stats

HintAnswer% Correct
Winner of the 2020 Presidential electionJoe Biden
99%
Bipolar rapper who kinda sorta ran for PresidentKanye West
93%
What the CDC told people not to wear, before telling them they shouldMasks
93%
State that had the most coronavirus deathsNew York
93%
Former basketball star who died in a helicopter accidentKobe Bryant
88%
Tycoon who became the first person ever with a net worth over $200 billionJeff Bezos
81%
Companies whose Covid vaccines were approved (name either)Pfizer / Moderna
81%
Doctor who was the face of the Coronavirus Task ForceAnthony Fauci
77%
Couple who named their newborn baby X Æ A-12Elon Musk and Grimes
77%
Terrifying insects that were discovered in Washington stateMurder {Hornet}s
76%
Supreme Court justice who diedRuth Bader Ginsburg
75%
City that, once again, led the nation with the highest number of murdersChicago
72%
Annoying children's song which became the most-viewed video in Youtube historyBaby Shark
71%
City in which George Floyd was killed by a police officerMinneapolis
70%
TV show whose host, Alex Trebek, died of pancreatic cancerJeopardy
69%
State that changed its flag to remove a Confederate emblemMississippi
68%
City where a police-free "autonomous zone" was established, which was then
dismantled after two teenagers were murdered
Seattle
54%
State that voted to remove the words "Providence Plantations" from its official nameRhode Island
52%
U.S. effort which developed Covid-19 vaccines in record timeOperation {Warp} Speed
51%
City which hosted the "bubble" in which all NBA playoff games were heldOrlando
44%

Score Distribution

Percentile by Number Answered

Percent of People with Each Score

Your Score History

You have not taken this quiz